00527nam a2200181Ii 45000010005000000030009000050080041000140400033000550410008000880820017000961100023001132450055001362640061001913000012002523360026002643370028002903380027003188972CO-ViMGA241108s9999||||xx |||||||||||||| ||und|| aCO-ViMGAbspaerdacCO-ViMGA0 aspa04a341.026 C7181 aColombia. [leyes],10aLa extradicción ante el Senado de la República 1aBogotá, Colombia : Congreso Nacional de Colombia, 1985 avolumen atextbtxt2rdacontent aunmediatedbn2rdamedia avolumebnc2rdacarrier